Los maestros y la educación de adultos
Sparad:
| Huvudupphovsman: | |
|---|---|
| Materialtyp: | Bok |
| Språk: | spanska |
| Publicerad: |
París
UNESCO
1966
|
| Serie: | Guías prácticas para la educación extraescolar, 5
|
| Ämnen: | |
| Taggar: |
Lägg till en tagg
Inga taggar, Lägg till första taggen!
|
MARC
| LEADER | 00000nam a2200000 a 4500 | ||
|---|---|---|---|
| 001 | UCZ9786 | ||
| 003 | CL-VaPUC | ||
| 008 | 960311e19660000FR |||||||||||||||||spa|d | ||
| 082 | 0 | 4 | |a 371.012 |b HEL |2 21 |
| 100 | |a Hely, A. S |e author |9 354654 | ||
| 245 | 1 | 4 | |a Los maestros y la educación de adultos |
| 300 | |a 52 p | ||
| 942 | |c BK | ||
| 945 | |d 19960311 00:00:00 |a lriquelm | ||
| 260 | |a París |b UNESCO |c 1966 | ||
| 650 | 0 | |a Educación de adultos |9 307580 | |
| 650 | 0 | |a Métodos de enseñanza |9 270413 | |
| 650 | 0 | |a Adultos |9 335034 | |
| 650 | 0 | |a Alfabetización de adultos |9 310117 | |
| 650 | 0 | |a Cooperación internacional |9 255447 | |
| 650 | 0 | |a Formación profesional de profesores |9 307493 | |
| 583 | |a last modification |c 19960311 00:00:00 |k Rodrigo Vera | ||
| 490 | 0 | |a Guías prácticas para la educación extraescolar, 5 | |
| 999 | |c 244852 |d 244850 | ||
| 952 | |0 0 |1 0 |4 0 |6 371_012000000000000_HEL_1966 |7 0 |8 P |9 259103 |a BIBEDU |b BIBEDU |c BIBEDU_PB |d 2019-11-19 |i 1629964 |o 371.012 HEL 1966 |p 1629964 |r 2024-01-25 |w 2019-11-19 |y BK |k EDU | ||